Tạp chí Khoa học = Scientific journal of Can Tho university

Spremljeno u:
Bibliografski detalji
Autor kompanije: Trường Đại học Cần Thơ
Format: Knjiga
Jezik:Undetermined
Izdano: Cần Thơ Trường Đại học Cần Thơ 2004
Teme:
Oznake: Dodaj oznaku
Bez oznaka, Budi prvi tko označuje ovaj zapis!
Thư viện lưu trữ: Trung tâm Học liệu Trường Đại học Cần Thơ
LEADER 00615nam a2200193Ia 4500
001 CTU_75013
008 210402s9999 xx 000 0 und d
082 |a 079.597 
082 |b Tr561/T1 
110 |a Trường Đại học Cần Thơ 
245 0 |a Tạp chí Khoa học = 
245 0 |b Scientific journal of Can Tho university 
245 0 |c Trường Đại học Cần Thơ 
260 |a Cần Thơ 
260 |b Trường Đại học Cần Thơ 
260 |c 2004 
650 |a journalism, scientific 
904 |i Vương 
980 |a Trung tâm Học liệu Trường Đại học Cần Thơ